000
00247nam a2200097Ia 4500
008
190216s9999||||xx |||||||||||||| ||und||
100
_a
Alam M Jacob
245
0
_a
Anu Kenthriyashashthravum Riyactarukalum
260
_b
Kerala Basha Inst
942
_c
BK
999
_c
38335
_d
38335